| 000 | 00000nam##2200000za#4500 |
| 001 | 9.577304 |
| 003 | CaOODSP |
| 005 | 20210624185540 |
| 007 | cr ||||||||||| |
| 008 | 150406|1997||||xxc|||||o f|0| 0 eng|d |
| 040 | |aCaOODSP|beng |
| 043 | |an-cn--- |
| 086 | 1 |aFs97-13/1016E-PDF |
| 110 | 1 |aCanada. |bDepartment of Fisheries and Oceans. |
| 245 | 10|aJohnstone Strait and Strait of Georgia chum test fishing data for 1992 - 1996 / |h[electronic resource]|cby K. Southey, C.H.P. McConnell and P.J. Ryall. |
| 260 | |aNanaimo - British Columbia : |bFisheries and Oceans Canada |c1997. |
| 300 | |a173p.|bfigs., references, tables |
| 490 | 1 |aCanadian data report of fisheries and aquatic sciences|vNo. 1016 |
| 500 | |aOn t.p.: Pacific Biological Station, Nanaimo, British Columbia. The catalogue number and ISSN for the print edition appear in the PDF version. |
| 546 | |a(Résumé en français) |
| 590 | |a13-21-Supp|b2013-09-16 |
| 720 | 1 |aRyall, P. J. |
| 720 | 1 |aSouthey, K. |
| 720 | 1 |aMcConnell, C. H. P. |
| 830 | #0|aCanadian data report of fisheries and aquatic sciences ;|vNo. 1016|w(CaOODSP)9.505124 |
| 856 | 40|ahttp://publications.gc.ca|qPDF|s8033 KB|uhttps://publications.gc.ca/collections/collection_2013/mpo-dfo/Fs97-13-1016-eng.pdf|yNo. 1016 |